000 00440nam a2200157Ia 4500
008 240729s9999 xx 000 0 und d
022 _a2242-1300
245 0 _aBioInvasions Records
260 _aFinland
260 _bRegional Euro-Asian Biological Invasions Centre (REABIC)
650 _a Biology (General)
650 _aScience
856 _uhttps://doaj.org/toc/ccd0090c0bb541739c0eafff218e0156
942 _2ddc
942 _cDOAJEJ
999 _c70983
_d70983
945 _a1
_bMadushi Gamage
_c1
_dMadushi Gamage